[Event "WYg18"]
[Site "Heraklio GRE"]
[Date "2002.11.15"]
[Round "1"]
[White "Rohonyan,K"]
[Black "Hodova,L"]
[Result "0-1"]
[WhiteElo "2320"]
[BlackElo "2061"]

1.e4 c5 2.Nf3 d6 3.d4 cxd4 4.Nxd4 Nf6 5.Nc3 a6 6.g3 e5 7.Nde2 Be7 8.Bg2 Nbd7
9.h3 b5 10.a3 Bb7 11.g4 Nc5 12.Ng3 O-O 13.O-O Rc8 14.Be3 g6 15.Qd2 Nfd7 16.Nd5 Bxd5
17.exd5 Nb6 18.b3 f5 19.gxf5 gxf5 20.f4 Bh4 21.Bf2 Bxg3 22.Bxg3 e4 23.Kh2 Ncd7
24.Rg1 Kh8 25.Bf1 Nf6 26.Bh4 Nbxd5 27.c4 Ne7 28.cxb5 axb5 29.Bxb5 d5 30.Bf2 Ng6
31.Bd4 Qd6 32.Rgf1 Kg8 33.b4 Rfd8 34.Be2 Nd7 35.Rg1 Kf7 36.Rg5 Qe6 37.Rag1 Nf6
38.h4 e3 39.Qb2 Qe4 40.Bxf6 Rc2 41.Qd4 Rxe2+ 42.Kg3 Re8 43.h5 Qxd4 44.hxg6+ Kxf6  0-1

[Event "WYg18"]
[Site "Heraklio GRE"]
[Date "2002.11.15"]
[Round "1"]
[White "Vozovic,O"]
[Black "Ghader Pour,S"]
[Result "1-0"]
[WhiteElo "2302"]
[BlackElo "2047"]

1.e4 c5 2.Nf3 d6 3.d4 cxd4 4.Nxd4 Nf6 5.Nc3 a6 6.g3 e5 7.Nde2 Be7 8.a4 b6
9.Bg2 Bb7 10.O-O O-O 11.Nd5 Nxd5 12.exd5 Nd7 13.Ra3 Rc8 14.Be3 f5 15.f4 e4
16.b3 Qc7 17.c4 Nc5 18.Nd4 Rf7 19.Qd2 Bd8 20.Rd1 Qd7 21.Bf1 a5 22.Bh3 g6
23.Bf1 h6 24.Ra2 Bf6 25.Rb1 Bd8 26.Rc2 Kh7 27.Rcc1 Rf8 28.Rd1 Re8 29.Nb5 Ba6
30.Nd4 Bb7 31.Re1 Kg8 32.Nc2 Bf6 33.Nd4 Bd8 34.Re2 Kh7 35.Rg2 h5 36.h3 Kg8
37.g4 hxg4 38.hxg4 Kf8 39.Qe2 Re7 40.gxf5 gxf5 41.Qh5 Rf7 42.Qh8+ Ke7 43.Rg8 Qc7
44.Rb2 Kd7 45.Qh5 Re7 46.Qxf5+  1-0

[Event "WYg14"]
[Site "Heraklio GRE"]
[Date "2002.11.22"]
[Round "9"]
[White "Shen Yang"]
[Black "Rogule,L"]
[Result "0-1"]
[WhiteElo "2038"]
[BlackElo "2213"]

1.e4 c5 2.Nf3 d6 3.d4 cxd4 4.Nxd4 Nf6 5.Nc3 a6 6.g3 b5 7.Bg2 Bb7 8.O-O e5
9.Nf5 b4 10.Nd5 Nxd5 11.exd5 g6 12.Ne3 Bg7 13.a3 bxa3 14.Rxa3 Nd7 15.Nc4 Qc7
16.Na5 O-O 17.Be3 f5 18.Qd2 e4 19.f4 exf3 20.Bxf3 Rae8 21.c4 Nf6 22.Rb3 Bc8
23.Nc6 Ne4 24.Qa5 Qd7 25.Qb6 Rf7 26.Bg2 h5 27.Rd3 g5 28.b4 f4 29.gxf4 Qg4
30.h3 Qg3 31.Rf3 Qe1+ 32.Kh2 g4 33.Bf2 Qe2 34.Rde3 Qc2 35.Rxe4 Rxe4 36.Rg3 Rexf4
37.Be3 Rf3 38.Nd4 Bxd4 39.Qxd4 Rxg3 40.Kxg3 h4+  0-1

[Event "ch-POL sf"]
[Site "Lubniewice POL"]
[Date "2002.12.04"]
[Round "5"]
[White "Hnydiuk,A"]
[Black "Jakubowski,K"]
[Result "0-1"]
[WhiteElo "2373"]
[BlackElo "2473"]

1.e4 c5 2.Nf3 d6 3.d4 cxd4 4.Nxd4 Nf6 5.Nc3 a6 6.g3 e5 7.Nde2 Be7 8.Bg2 Nbd7
9.h3 b5 10.a3 Bb7 11.g4 Nc5 12.Ng3 g6 13.Bh6 Ne6 14.Qd2 Rc8 15.Nd5 Nxd5 16.exd5 Nf4
17.Bxf4 exf4 18.Ne2 h5 19.c3 Rc4 20.Nd4 Bf6 21.Bf3 hxg4 22.hxg4 Rxh1+ 23.Bxh1 Bxd4
24.cxd4 Qg5 25.b3 Rc7 26.Kf1 Bxd5 27.Bxd5 Qxd5 28.Kg1 Qf3 29.Re1+ Kd7 30.Qd1 Qxd1
31.Rxd1 Rc3 32.Rb1 Ke6 33.Re1+ Kd5 34.Re7 Rxb3 35.Rxf7 Rxa3  0-1

[Event "Tch-SWE 2002-3"]
[Site "Sweden SWE"]
[Date "2002.12.07"]
[Round "5"]
[White "Lukez,F"]
[Black "Olsson,L"]
[Result "1/2-1/2"]
[WhiteElo "2320"]
[BlackElo "2295"]

1.e4 c5 2.Nf3 d6 3.d4 cxd4 4.Nxd4 Nf6 5.Nc3 a6 6.g3 e5 7.Nde2 b5 8.Bg2 Bb7
9.O-O Be7 10.a4 b4 11.Nd5 Nxd5 12.exd5 a5 13.c4 bxc3 14.Nxc3 O-O 15.Nb5 Ba6
16.Ra3 Nd7 17.Be3 Bg5 18.Bxg5 Qxg5 19.Nxd6 Bxf1 20.Qxf1 Rab8 21.Nc4 Rfc8
22.h4 Qe7 23.Re3 Qc5 24.b3 h6 25.Bh3 Rd8 26.d6 e4 27.Qe1 Ne5 28.Qxa5 Qxa5
29.Nxa5 Rxd6 30.Bf1 f5 31.Nc4 Nxc4 32.Bxc4+ Kf8 33.Re1 Ke7 34.h5 Rd2 35.a5 Kd6
36.a6 Kc5 37.g4 Rd4 38.gxf5 Kb6 39.Ra1 Ka7 40.Ra5 Rc8 41.Re5 Rc7 42.Kg2 Kb6
43.Kg3 Ka7 44.Re6 Rd1 45.Rxe4 Rg1+ 46.Kf4 Rh1 47.f3 Rxh5 48.Kg4 Rh1 49.b4 Rg1+
50.Kf4 h5 51.Bd3 h4 52.Re8 Rd7 53.Be4 Kxa6 54.Rh8 Rh1 55.Rb8 Ka7 56.Ra8+ Kb6
57.Rb8+ Kc7 58.Rb7+ Kc8 59.Rxd7 Kxd7  1/2-1/2

[Event "XVIII Winter Open"]
[Site "Nice FRA"]
[Date "2002.12.26"]
[Round "1"]
[White "Guidarelli,L"]
[Black "Mogranzini,R"]
[Result "1-0"]
[WhiteElo "2406"]
[BlackElo "2161"]

1.e4 c5 2.Nf3 d6 3.Nc3 Nf6 4.d4 cxd4 5.Nxd4 a6 6.g3 e6 7.Bg2 Be7 8.O-O O-O
9.f4 Qc7 10.Be3 Bd7 11.g4 Nc6 12.g5 Ne8 13.Qh5 g6 14.Qh6 Ng7 15.f5 Bd8 16.f6 Nh5
17.Rf4 Re8 18.Rh4 Nxf6 19.gxf6 Bxf6 20.Qxh7+ Kf8 21.Rf1 Qd8 22.Bh6+ Ke7 23.Rxf6 Kxf6
24.Qg7+  1-0

[Event "TSGM Dec"]
[Site "Belgrade YUG"]
[Date "2002.12.28"]
[Round "8"]
[White "Matulovic,M"]
[Black "Tadic,B"]
[Result "1/2-1/2"]
[WhiteElo "2423"]
[BlackElo "2480"]

1.e4 c5 2.Nf3 d6 3.d4 cxd4 4.Nxd4 Nf6 5.Nc3 a6 6.g3 e5 7.Nde2 Nbd7 8.a4 b6
9.Bg2 Bb7 10.h3 Be7 11.g4 Nc5 12.Ng3 g6 13.Be3 Rc8 14.g5 Nfd7 15.h4 Ne6 16.Nd5 Bxd5
17.exd5 Nf4 18.Bxf4 exf4 19.Ne2 h6 20.h5 Ne5 21.Nd4 Bxg5 22.hxg6 fxg6 23.c3 Qf6
24.Bh3 Rb8 25.Qe2 O-O 26.Qxa6 f3 27.Ne6 Rfe8 28.Kf1 Bh4 29.Rd1 g5 30.Rd4 Ng6
31.Qd3 Kh8 32.Qf5 Qxf5 33.Bxf5 Ne5 34.Rdxh4 gxh4 35.Rxh4 Re7 36.Rxh6+ Kg8
37.Rh3 Ra8 38.Rg3+ Kh8 39.Rh3+ Kg8 40.Rg3+ Kf7 41.b3 b5 42.Ng5+ Kf6 43.Be6 Rea7
44.Nxf3 bxa4 45.bxa4 Rxa4 46.Nxe5 Kxe5 47.Ke2 R8a5  1/2-1/2

[Event "XVIII Winter Open"]
[Site "Nice FRA"]
[Date "2002.12.30"]
[Round "7"]
[White "Georgieva,Li"]
[Black "Genov,Peta"]
[Result "0-1"]
[WhiteElo "2232"]
[BlackElo "2515"]

1.e4 c5 2.Nf3 d6 3.d4 cxd4 4.Nxd4 Nf6 5.Nc3 a6 6.g3 e5 7.Nde2 Nbd7 8.Bg2 b5
9.Bg5 Bb7 10.a3 Be7 11.O-O O-O 12.h3 Nb6 13.Bxf6 Bxf6 14.Qd3 Qc7 15.Rfd1 Rfd8
16.Nc1 Rac8 17.N1a2 Nc4 18.Rab1 Qc5 19.h4 a5 20.Nd5 Bxd5 21.Qxd5 Qb6 22.Nc3 b4
23.Na4 Qa7 24.Bf1 Ne3 25.Qb3 Nxd1 26.Rxd1 Qc7 27.axb4 axb4 28.Qxb4 Qxc2 29.Rd5 h6
30.Nb6 Rb8 31.Rxd6 Qc7 32.Qc4 Qxd6  0-1

[Event "ch-IND"]
[Site "Mumbai IND"]
[Date "2003.01.21"]
[Round "6"]
[White "Satyapragyan,S"]
[Black "Saravanan,V"]
[Result "1/2-1/2"]
[WhiteElo "2438"]
[BlackElo "2357"]

1.e4 c5 2.Nf3 d6 3.d4 cxd4 4.Nxd4 Nf6 5.Nc3 a6 6.g3 e5 7.Nde2 b5 8.Bg2 Bb7
9.h3 Nbd7 10.a3 Nc5 11.Bg5 Be7 12.Bxf6 Bxf6 13.Nd5 Na4 14.Rb1 Rc8 15.Nec3 Nxc3
16.Nxc3 O-O 17.O-O Rc5 18.Nd5 Bxd5 19.exd5 Bg5 20.c3 f5 21.a4 e4 22.axb5 axb5
23.Ra1 Qb6 24.Kh1 g6 25.f3 exf3 26.Qxf3 b4 27.cxb4 Qxb4 28.g4 Qxb2 29.gxf5 Rxf5
30.Qg4 Qf6 31.Ra8+ Kg7 32.Ra7+ Kh6 33.Re1 Rc2 34.Rb7 Qc3 35.Rg1 Rc1 36.Rb1 Rxg1+
37.Rxg1 Qe3 38.Be4 Rf2 39.Bg2 Bf6 40.Rf1 Rxf1+ 41.Bxf1 Bd4 42.Qh4+ Kg7 43.Qg4 h5
44.Qg2 Kh6 45.Be2 g5 46.Bf1 Kg7 47.Be2 Kh6 48.Bf1 Qf4 49.Be2 Be5 50.Kg1 Qe3+
51.Kh1 Qf4 52.Kg1 Kg6 53.Qf3 Qh2+ 54.Kf1 Kg7 55.Qg2 Qf4+ 56.Qf3 Qc1+ 57.Bd1 Bf6
58.Kg2 Qd2+ 59.Be2 Be5 60.Qxh5 Qxd5+ 61.Qf3 Qd2 62.Qb7+ Kh6 63.Qf3 Kg7 64.Qb7+ Kh6
65.Qf3 Bf4 66.Qe4 Be5 67.h4  1/2-1/2

[Event "Open"]
[Site "Cappelle la Grande FRA"]
[Date "2003.02.22"]
[Round "1"]
[White "Trabert,B"]
[Black "Makarov,M"]
[Result "1/2-1/2"]
[WhiteElo "2310"]
[BlackElo "2512"]

1.e4 c5 2.Nf3 d6 3.d4 Nf6 4.Nc3 cxd4 5.Nxd4 a6 6.g3 e5 7.Nb3 Be7 8.Bg2 O-O
9.a4 b6 10.O-O Bb7 11.Be3 Nbd7 12.Qe2 Qc7 13.Rfd1 Rfc8 14.Rd2 h6 15.f3 Nc5
16.Nxc5 bxc5 17.Bh3 Rcb8 18.b3 Bc6 19.Rad1 Rd8 20.Qe1 Re8 21.Bf1 Bd7 22.Bc4 Be6
23.Nd5 Nxd5 24.Bxd5 Rab8 25.Rd3 Qc8 26.Qe2 f5 27.exf5 Bxd5 28.Rxd5 Qxf5 29.Kg2 Bf8
30.Qd3 Qxd3 31.R1xd3 Rb4 32.Bd2 Rd4 33.Bc3 Rxd5 34.Rxd5 Kf7 35.Ba5 Rb8 36.Rd3 c4
37.bxc4 Rb2 38.Rd2 Ra2 39.Bc7 Ke6 40.a5 Ra4 41.c5 d5 42.Re2 e4 43.Bb6 Rc4
44.c6 Bd6 45.Kf2 Ke5 46.fxe4 dxe4 47.Rd2 Bb4 48.Rd7 Rxc2+ 49.Kf1 Ke6 50.Rxg7  1/2-1/2

[Event "Open"]
[Site "Cappelle la Grande FRA"]
[Date "2003.02.25"]
[Round "5"]
[White "Zufic,M"]
[Black "Efimenko,Z"]
[Result "1/2-1/2"]
[WhiteElo "2424"]
[BlackElo "2590"]

1.e4 c5 2.Nf3 d6 3.d4 cxd4 4.Nxd4 Nf6 5.Nc3 a6 6.g3 e5 7.Nde2 Be7 8.Bg2 Nbd7
9.O-O b5 10.a4 b4 11.Nd5 Nxd5 12.exd5 O-O 13.Bd2 a5 14.c3 bxc3 15.Nxc3 Ba6
16.Re1 Nc5 17.Nb5 Qb6 18.Bf1 f5 19.Bc4 Kh8 20.b3 f4 21.Bxf4 exf4 22.Rxe7 fxg3
23.hxg3 Bxb5 24.Qd4 Rf6 25.axb5 Raf8 26.Rae1 Qd8 27.Qe3 h6 28.Re8 Qb6 29.Rxf8+ Rxf8
30.Kg2 Rf5 31.f4 Rf8 32.Qe7 Kg8 33.Qe3 Qd8 34.Qe7 Qb6 35.Kf3 a4 36.bxa4 Qa5
37.Bf1 Qd2 38.Qe3 Qxd5+ 39.Kf2 Qa2+ 40.Kg1 Qxa4 41.Qc3 Qa7 42.Qd4  1/2-1/2

[Event "10th Metalis Open"]
[Site "Bizovac CRO"]
[Date "2003.02.27"]
[Round "3"]
[White "Solic,K"]
[Black "Franic,M"]
[Result "0-1"]
[WhiteElo "2121"]
[BlackElo "2425"]

1.e4 c5 2.Nf3 d6 3.d4 cxd4 4.Nxd4 Nf6 5.Nc3 a6 6.g3 e5 7.Nde2 Be6 8.Bg2 Nbd7
9.O-O Be7 10.Nd5 Bxd5 11.exd5 Rc8 12.a4 a5 13.b3 O-O 14.c4 Nc5 15.Be3 Ng4
16.Bxc5 Rxc5 17.Nc3 f5 18.h3 Nf6 19.Ra2 g6 20.Nb5 Qd7 21.Re2 Nh5 22.Bf3 Ng7
23.Rfe1 Bd8 24.Qd2 Bb6 25.Qh6 Rcc8 26.Bg2 f4 27.gxf4 Rxf4 28.h4 Rcf8  0-1

[Event "4th ch-Asia"]
[Site "Doha QAT"]
[Date "2003.02.27"]
[Round "6"]
[White "Zagrebelny,S"]
[Black "Ghaem Maghami,E"]
[Result "0-1"]
[WhiteElo "2540"]
[BlackElo "2500"]

1.e4 c5 2.Nf3 d6 3.d4 cxd4 4.Nxd4 Nf6 5.Nc3 a6 6.g3 e6 7.Bg2 Be7 8.O-O O-O
9.Be3 Nc6 10.Nxc6 bxc6 11.Na4 Rb8 12.c4 e5 13.Qc2 Be6 14.Rad1 Qc7 15.h3 Nd7
16.b3 f5 17.exf5 Bxf5 18.Qd2 Nf6 19.Nc3 Rbd8 20.Rfe1 Kh8 21.Qe2 Rde8 22.Bc1 Bg6
23.Ne4 Bf5 24.g4 Bxe4 25.Bxe4 Nxe4 26.Qxe4 a5 27.Rd3 a4 28.Be3 Rb8 29.Kg2 d5
30.cxd5 Rb4 31.Bd4 Bd6 32.dxc6 Rxd4 33.Rxd4 exd4 34.Qd5 d3 35.Re3 d2 36.Rd3 Bb4
37.Rd4 Bc3 38.Qd7 Qe5 39.Rd3 Qe4+ 40.f3 Qe2+ 41.Kg1 Ba5  0-1

[Event "ch-RUS w 1st League"]
[Site "Serpukhov RUS"]
[Date "2003.02.27"]
[Round "8"]
[White "Molchanova,T"]
[Black "Komiagina,M"]
[Result "0-1"]
[WhiteElo "2274"]
[BlackElo "2214"]

1.e4 c5 2.Nf3 d6 3.d4 cxd4 4.Nxd4 Nf6 5.Nc3 a6 6.g3 e6 7.Bg2 Be7 8.O-O O-O
9.Be3 Qc7 10.Kh1 Nc6 11.f4 Bd7 12.Nb3 b5 13.a3 Rfd8 14.g4 Be8 15.g5 Nd7 16.Qg4 Bf8
17.Rf3 g6 18.Rh3 Bg7 19.f5 Nf8 20.f6 h5 21.Qe2 Bh8 22.Rd1 Ne5 23.Nd4 Rab8
24.Bf4 Nfd7 25.Nf5 exf5 26.Nd5 Qc4 27.Rxh5 gxh5 28.Qxh5 Ng6 29.exf5 Ndf8
30.fxg6 Nxg6 31.Ne7+ Nxe7 32.fxe7 Qxf4 33.exd8=Q Rxd8 34.Rf1 Qe5 35.Qh4 Rc8
36.Be4 Qxe4+ 37.Qxe4 Bc6  0-1

[Event "Victor Ciocaltea Mem"]
[Site "Bucharest ROM"]
[Date "2003.03.08"]
[Round "5"]
[White "Vajda,Al"]
[Black "Burnoiu,N1"]
[Result "1-0"]
[WhiteElo "2427"]
[BlackElo "2414"]

1.e4 c5 2.Nf3 d6 3.d4 cxd4 4.Nxd4 Nf6 5.Nc3 a6 6.g3 e5 7.Nb3 Nbd7 8.Bg2 b5
9.O-O Nb6 10.Re1 Be7 11.Nd5 Nfxd5 12.exd5 a5 13.Qd3 a4 14.Nd2 Bd7 15.f4 exf4
16.Ne4 O-O 17.Bxf4 Be8 18.b3 Rc8 19.Rac1 Qc7 20.Kh1 h6 21.c4 bxc4 22.bxc4 Nxc4
23.Nd2 Bb5 24.Nxc4 Bxc4 25.Qe4 Rfe8 26.Bf1 Bf8 27.Rxc4 Qb7 28.Qxe8 Rxe8 29.Rxe8 Qxd5+
30.Kg1 g5 31.Be3 Qf3 32.Rcc8 Kh7 33.Bd3+ f5 34.Rc1 Qd5 35.Bc4 Qf3 36.Bd4 Qg4
37.Bf2 Bg7 38.Re7 Kg6 39.Re6+ Kh7 40.Be2 Qb4 41.Bd3 Qg4 42.Kg2  1-0

[Event "Victor Ciocaltea Mem"]
[Site "Bucharest ROM"]
[Date "2003.03.12"]
[Round "9"]
[White "Vajda,Al"]
[Black "Grigore,N"]
[Result "1-0"]
[WhiteElo "2427"]
[BlackElo "2391"]

1.e4 c5 2.Nf3 d6 3.d4 cxd4 4.Nxd4 Nf6 5.Nc3 a6 6.g3 e5 7.Nb3 Nbd7 8.Bg2 b6
9.Bg5 Bb7 10.Nd5 h6 11.Bxf6 Nxf6 12.Nxf6+ Qxf6 13.Qd3 Be7 14.Rd1 O-O 15.O-O Qe6
16.Qe3 Rab8 17.h4 b5 18.Rd3 b4 19.Kh2 Bc6 20.Ra1 Bd8 21.Qd2 Bc7 22.a4 a5
23.Nc1 Qe8 24.b3 f5 25.exf5 Rxf5 26.Qe2 e4 27.Rd2 d5 28.Na2 Qe5 29.Rf1 Rbf8
30.Qe3 Qf6 31.c3 Be5 32.cxb4 d4 33.Qe2 Kh8 34.Kg1 e3 35.fxe3 d3 36.Qxd3 Qg6
37.Rxf5 Rxf5 38.e4 Rf6 39.Rf2 Bxg3 40.Rxf6 gxf6 41.bxa5 Qg7 42.Nb4 Bd7 43.a6 Bb8
44.Nd5 Ba7+ 45.Kf1 f5 46.Qc3 Bd4 47.Qc7 Qf7 48.Qd8+ Kg7 49.Qe7 f4 50.Qxf7+ Kxf7
51.Nxf4 Bc8 52.b4 Bxa6+ 53.b5 Bc8 54.Bh3 Bb7 55.Bf5 Kf6 56.Ke2 Ke5 57.Kd3 Bb6
58.Ng6+ Kd6 59.Kc4 Ba5 60.Nf4 Bd2 61.Nd3 Ba8 62.Kd4 Ba5 63.e5+ Kc7 64.Nc5 Bb6
65.Kc4 Bf3 66.Kb4 Ba7 67.a5  1-0

[Event "TSGM March"]
[Site "Subotica YUG"]
[Date "2003.03.23"]
[Round "1"]
[White "Matulovic,M"]
[Black "Dimitrijevic,A"]
[Result "1/2-1/2"]
[WhiteElo "2423"]
[BlackElo "2369"]

1.e4 c5 2.Nf3 d6 3.d4 cxd4 4.Nxd4 Nf6 5.Nc3 a6 6.g3 Bg4 7.f3 Bd7 8.g4 h6
9.Be3 Nc6 10.Qd2 Ne5 11.O-O-O b5 12.a3 Rc8 13.h4 e6 14.Kb1 Be7 15.Be2 Qc7
16.g5 hxg5 17.hxg5 Nh5 18.f4 Nc4 19.Bxc4 Qxc4 20.g6 a5 21.Qg2 b4 22.gxf7+ Kxf7
23.Rdg1 Bf6 24.e5 dxe5 25.Ne4 Ke7 26.fxe5 Bxe5 27.Qg5+ Bf6 28.Nxf6 gxf6 29.Qxa5 e5
30.b3 Qc3 31.Re1 Ng3 32.Rhg1 Nf5 33.Qxb4+ Qxb4 34.axb4 exd4 35.Bxd4+ Kf7
36.Bc5  1/2-1/2

[Event "TSGM March"]
[Site "Subotica YUG"]
[Date "2003.03.27"]
[Round "6"]
[White "Matulovic,M"]
[Black "Colovic,A"]
[Result "1/2-1/2"]
[WhiteElo "2423"]
[BlackElo "2385"]

1.e4 c5 2.Nf3 d6 3.d4 cxd4 4.Nxd4 Nf6 5.Nc3 a6 6.g3 e5 7.Nde2 b5 8.Bg5 Nbd7
9.Nd5 Be7 10.Bxf6 Nxf6 11.Nec3 Bb7 12.a4 b4 13.Nxf6+ Bxf6 14.Nd5 Rc8 15.b3 O-O
16.Bc4 a5 17.h4 Rc5 18.Qe2 Bxd5 19.Bxd5 Rc3 20.Bc4 Qb8 21.Rd1 Bd8 22.Rd3 Rxd3
23.Qxd3 Bb6 24.O-O Bd4 25.Kg2  1/2-1/2

[Event "Commonwealth Ch"]
[Site "Mumbai IND"]
[Date "2003.04.20"]
[Round "1"]
[White "Saheli,N"]
[Black "Saravanan,V"]
[Result "0-1"]
[WhiteElo "2078"]
[BlackElo "2358"]

1.e4 c5 2.Nf3 d6 3.d4 cxd4 4.Nxd4 Nf6 5.Nc3 a6 6.g3 e5 7.Nb3 Nbd7 8.a4 b6
9.Bg2 Bb7 10.O-O Rc8 11.Be3 Be7 12.f4 O-O 13.f5 Rc7 14.g4 Qa8 15.Nd2 d5 16.g5 d4
17.gxf6 Nxf6 18.Nb5 axb5 19.axb5 Qc8 20.Bg5 Rxc2 21.b3 h6 22.Bxf6 Bxf6 23.Nc4 Rxg2+
24.Kxg2 Bxe4+ 25.Kg1 Qc5 26.Qg4 Bd5 27.Ra6 d3+ 28.Rf2 e4 29.Rxb6 Bd4 30.Rxh6 Bxf2+
31.Kf1 e3  0-1

[Event "Capablanca Mem Mixto"]
[Site "Havana CUB"]
[Date "2003.05.06"]
[Round "1"]
[White "Pazos Gambarrotti,P"]
[Black "Ruiz Jimenez,F"]
[Result "1-0"]
[WhiteElo "2393"]
[BlackElo "2200"]

1.e4 c5 2.Nf3 d6 3.d4 Nf6 4.Nc3 cxd4 5.Nxd4 a6 6.g3 e5 7.Nde2 Nbd7 8.Bg2 b5
9.O-O Bb7 10.Nd5 Bxd5 11.exd5 g6 12.a4 b4 13.a5 Bg7 14.Bd2 Rb8 15.Ra4 O-O
16.Rxb4 Rc8 17.Ra4 Nc5 18.Rc4 Qe8 19.b3 e4 20.Nc3 Qe5 21.Bf4 Qe7 22.Bg5 Qe5
23.Bxf6 Qxf6 24.b4 Nb7 25.Nxe4 Qb2 26.Qd3 Qa2 27.Rxc8 Rxc8 28.Qxa6  1-0

[Event "1/4 Coupe de France"]
[Site "Senat FRA"]
[Date "2003.05.24"]
[Round "1"]
[White "Fontaine,R"]
[Black "Rue,P"]
[Result "1-0"]
[WhiteElo "2527"]
[BlackElo "2121"]

1.e4 c5 2.Nf3 d6 3.d4 cxd4 4.Nxd4 Nf6 5.Nc3 a6 6.g3 g6 7.Bg2 Bg7 8.O-O O-O
9.h3 Nbd7 10.Be3 Qc7 11.Qd2 Rb8 12.a4 b6 13.Nd5 Nxd5 14.exd5 Bb7 15.b3 Nc5
16.Rad1 a5 17.Rfe1 Rfe8 18.Bh6 Bf6 19.Bg5 Bg7 20.h4 Na6 21.c4 Nc5 22.Bh6 Rbd8
23.Bxg7 Kxg7 24.h5 f6 25.Re2 Rf8 26.Rde1 Rde8 27.Bh3 Rf7 28.Be6 Rff8 29.Kg2 Nxb3
30.Nxb3 Qxc4 31.Re3 Qxa4 32.Rc1 Ba6 33.Nd4 Bc4 34.Rec3 b5 35.Qe3 Qa2 36.R3c2 Bxd5+
37.f3 Qa4 38.Bxd5 e5 39.Rc7+  1-0

[Event "Golden Cleopatra"]
[Site "Cairo EGY"]
[Date "2003.06.07"]
[Round "6"]
[White "Naby,S"]
[Black "Ahmed,T"]
[Result "1-0"]
[WhiteElo "2303"]
[BlackElo "2148"]

1.e4 c5 2.Nf3 d6 3.d4 cxd4 4.Nxd4 Nf6 5.Nc3 a6 6.g3 e5 7.Nde2 Be7 8.Bg2 O-O
9.h3 Nc6 10.g4 Be6 11.Be3 b5 12.Qd2 Re8 13.Ng3 g6 14.O-O Na5 15.b3 Rc8 16.Rac1 Qc7
17.Nd5 Bxd5 18.exd5 Bf8 19.g5 Nd7 20.Ne4 Kh8 21.Rfd1 Qd8 22.h4 Nb7 23.Bh3 Be7
24.f4 f5 25.gxf6 Nxf6 26.Ng5 Qc7 27.c4 exf4 28.Bd4 b4 29.Qxf4 Rf8 30.Ne4 Kg7
31.h5 h6 32.Rf1 g5 33.Qf5  1-0

[Event "IV Open"]
[Site "Lido Estensi ITA"]
[Date "2003.06.09"]
[Round "3"]
[White "Trabert,B"]
[Black "Birens,EA"]
[Result "1-0"]
[WhiteElo "2292"]
[BlackElo "2104"]

1.e4 c5 2.Nf3 d6 3.d4 cxd4 4.Nxd4 Nf6 5.Nc3 a6 6.g3 e6 7.Bg2 Be7 8.O-O O-O
9.a4 Qc7 10.Kh1 Nc6 11.Nb3 Bd7 12.f4 Nb4 13.a5 d5 14.e5 Ne4 15.Nxe4 dxe4
16.c3 Nd3 17.Bxe4 Nxc1 18.Qxc1 f5 19.Bg2 Kh8 20.Nd4 Bc5 21.Rd1 Rad8 22.Qc2 g5
23.Rd2 gxf4 24.gxf4 Rg8 25.Bf3 Rg7 26.Qb3 Rdg8 27.Rdd1 Bxd4 28.cxd4 Bc6 29.d5 exd5
30.Bxd5 Rg2 31.Rac1 Qf7 32.Rxc6 Rxh2+ 33.Kxh2 Qh5+ 34.Qh3 Qe2+ 35.Bg2 bxc6
36.Rd7 h5 37.Qf3 Qxf3 38.Bxf3 Rb8 39.Bxc6 Rxb2+ 40.Kg3  1-0

[Event "5th ZNG111 GM"]
[Site "Opatija CRO"]
[Date "2003.06.09"]
[Round "2"]
[White "Janev,E"]
[Black "Fercec,N"]
[Result "1-0"]
[WhiteElo "2456"]
[BlackElo "2442"]

1.e4 c5 2.Nf3 d6 3.d4 cxd4 4.Nxd4 Nf6 5.Nc3 a6 6.g3 e5 7.Nde2 Nbd7 8.a4 b6
9.Bg2 Be7 10.h3 O-O 11.g4 Bb7 12.Ng3 g6 13.Bh6 Re8 14.O-O Nc5 15.Qd2 Ne6
16.Nd5 Nxd5 17.exd5 Nf4 18.Bxf4 exf4 19.Qxf4 Bf6 20.c3 Be5 21.Qd2 b5 22.f4 Bg7
23.Qf2 Qc7 24.axb5 axb5 25.Rxa8 Rxa8 26.f5 Be5 27.Ne4 Bxd5 28.fxg6 Rf8 29.Nf6+ Bxf6
30.Bxd5 Be5 31.gxf7+ Kh8 32.Bg2 Qe7 33.Qe3 b4 34.cxb4 Qc7 35.Rf2 Qb8 36.Qe4 Qd8
37.Rf5 Kg7 38.b5 Qh4 39.Qe3 h6 40.b6  1-0

[Event "IV Open"]
[Site "Lido Estensi ITA"]
[Date "2003.06.12"]
[Round "6"]
[White "Felgaer,R"]
[Black "Grigore,N"]
[Result "1-0"]
[WhiteElo "2547"]
[BlackElo "2370"]

1.e4 c5 2.Nf3 d6 3.d4 cxd4 4.Nxd4 Nf6 5.Nc3 a6 6.g3 e5 7.Nb3 Nbd7 8.Bg2 b6
9.Nd2 Nc5 10.Nf1 h6 11.Ne3 Bb7 12.Ned5 Rc8 13.Be3 Be7 14.O-O O-O 15.Nxf6+ Bxf6
16.Nd5 Bg5 17.f4 exf4 18.gxf4 Bf6 19.c3 Re8 20.Re1 Bh4 21.Re2 b5 22.Rc1 a5
23.Rcc2 b4 24.c4 a4 25.Rcd2 Bxd5 26.Rxd5 Nxe4 27.Rd4 Nf6 28.Rxd6 Qe7 29.Rd4 a3
30.b3 g6 31.Bf3 Qe6 32.Kg2 Qf5 33.Qd3 Qa5 34.Rd6 Red8 35.c5 Ne8 36.Ra6 Nc7
37.Rd6 Ne6 38.c6 Re8 39.Bd5 Bd8 40.f5 gxf5 41.Qxf5  1-0

[Event "IEWCC"]
[Site "Istanbul TUR"]
[Date "2003.06.13"]
[Round "10"]
[White "Shukurova,M"]
[Black "Motoc,A"]
[Result "0-1"]
[WhiteElo "2250"]
[BlackElo "2358"]

1.e4 c5 2.d4 cxd4 3.Nf3 d6 4.Nxd4 Nf6 5.Nc3 a6 6.g3 e5 7.Nde2 Be7 8.Bg2 b5
9.O-O Bb7 10.a3 Nbd7 11.Bg5 O-O 12.Bxf6 Nxf6 13.Qd3 Qb6 14.Nd1 b4 15.axb4 Qxb4
16.Nec3 a5 17.Re1 Ba6 18.Qd2 Rac8 19.Ra4 Qb6 20.Qe3 Rc5 21.Ra3 Qc7 22.Qd2 Rb8
23.Ra2 Bc4 24.b3 Be6 25.Na4 Rc6 26.Ne3 Rb4 27.Nd5 Bxd5 28.exd5 Ra6 29.Re3 Nd7
30.Rc3 Qb7 31.Qe2 Ra8 32.Rc6 f5 33.Ra1 e4 34.Bf1 Ne5 35.Ra6 Nf3+ 36.Kh1 Nd4
37.Rxa8+ Qxa8 38.Qd2 Nf3 39.Qc3 Bf6 40.Qc6 Qd8 41.Rc1 Nd4 42.Qa6 Bg5 43.Rb1 Nxc2
44.Nc3 Nd4 45.Nb5 Nxb5 46.Bxb5 Qb8 47.Bd7 g6 48.Be6+ Kg7 49.h4 Bd2 50.Qxa5 e3
51.Qa1+ Kh6 52.fxe3 Rg4 53.Kh2 Bxe3 54.Qc3 Bd4 55.Qd2+ Kg7 56.b4 Be5 57.Rb3 Qd8
58.Qf2 Qxh4+ 59.Kg2 Rg5 60.Qe1 f4 61.g4 Qxe1  0-1

[Event "32nd TCh-GRE"]
[Site "Kallithea Chalkidiki GRE"]
[Date "2003.07.05"]
[Round "2"]
[White "Makropoulou,M"]
[Black "Papadopoulou,V"]
[Result "0-1"]
[WhiteElo "2225"]
[BlackElo "2211"]

1.e4 c5 2.Nf3 d6 3.d4 cxd4 4.Nxd4 Nf6 5.Nc3 a6 6.g3 g6 7.Bg2 Bg7 8.O-O O-O
9.h3 Qc7 10.Bg5 Nbd7 11.Qd2 Re8 12.Rad1 Rb8 13.a4 Qc5 14.Nb3 Qc7 15.Rfe1 Nb6
16.Nd4 Bd7 17.b3 Bc6 18.Nxc6 bxc6 19.Ne2 Nbd7 20.Be3 c5 21.Nf4 c4 22.Nd5 Nxd5
23.Qxd5 Bc3 24.Rf1 Rec8 25.Rb1 Rb4 26.bxc4 Qxc4 27.Qxc4 Rcxc4 28.Rb3 a5 29.Rfb1 Nc5
30.Bxc5 Rxc5 31.Rxb4 Bxb4 32.Rb2 Rc4 33.Kf1 Rc3 34.Ra2 Kg7 35.h4 Kf6 36.Ke2 Ke5
37.Kd1 Kd4 38.Ra1 e5 39.Kc1 Ba3+ 40.Kd2 Bb4 41.Kc1 f5 42.exf5 gxf5 43.Kb2 e4
44.Rd1+ Ke5 45.Bf1 d5 46.Bb5 Rf3 47.Rf1 Bc5 48.c4 d4 49.Bc6 d3 50.Kc1 Rxf2
51.Rxf2 Bxf2 52.Bd7 Bxg3 53.c5 Bxh4 54.c6 Bd8 55.Kd2 f4  0-1

[Event "31st World Open"]
[Site "Philadelphia USA"]
[Date "2003.07.06"]
[Round "9"]
[White "Stancil,K"]
[Black "Vigorito,D"]
[Result "0-1"]
[WhiteElo "2043"]
[BlackElo "2298"]

1.e4 c5 2.Nf3 d6 3.d4 cxd4 4.Nxd4 Nf6 5.Nc3 a6 6.g3 e5 7.Nde2 Nbd7 8.Bg2 b5
9.O-O Bb7 10.Nd5 Be7 11.h3 O-O 12.g4 Nc5 13.Ng3 Re8 14.Be3 Rc8 15.Qd2 Bxd5
16.exd5 Nfd7 17.b3 g6 18.g5 Bf8 19.a4 Rb8 20.axb5 axb5 21.b4 Na4 22.c4 Nab6
23.cxb5 Nc4 24.Qe2 Nxe3 25.fxe3 Qxg5 26.Ne4 Qd8 27.Ra7 Be7 28.Qg4 Nf8 29.Qf3 f5
30.Ng3 Bg5 31.Nxf5 gxf5 32.Ra6 f4 33.Qg4 Kh8 34.h4 Bh6 35.Qh5 Qf6 36.Be4 Re7
37.b6 Rg7+ 38.Kh1 Nd7 39.Ra7 Nf8 40.Rxg7 Bxg7 41.exf4 exf4 42.Qg4 Rxb6 43.Qxf4 Qxf4
44.Rxf4 Rxb4 45.h5 Be5 46.Rg4 Nd7 47.Bf3 Rxg4 48.Bxg4 Nf6 49.Bf3 Kg7 50.Kg2 Kh6
51.Kh3 Kg5 52.h6 Kxh6 53.Kh4 Kg6 54.Bg2 Kf5 55.Bh1 h6 56.Bg2 Kf4 57.Bh3 Bd4
58.Be6 Ke5 59.Bf7 Nxd5 60.Kg3 Nf6  0-1

[Event "Andorra"]
[Site "Andorra la Vella AND"]
[Date "2003.07.13"]
[Round "9"]
[White "Al Modiahki,M"]
[Black "Andres Gonzalez,A"]
[Result "1-0"]
[WhiteElo "2574"]
[BlackElo "2412"]

1.e4 c5 2.Nf3 d6 3.d4 cxd4 4.Nxd4 Nf6 5.Nc3 a6 6.g3 e5 7.Nde2 Be6 8.Bg2 b5
9.O-O Nbd7 10.a4 b4 11.Nd5 a5 12.c3 Be7 13.cxb4 Bxd5 14.exd5 axb4 15.Bd2 Rb8
16.a5 Nc5 17.a6 Qb6 18.Be3 O-O 19.a7 Ra8 20.Bxc5 Qxc5 21.Qa4 Qc7 22.Rfc1 Qb7
23.Rc4 Bd8 24.Qa6 Qxa6 25.Rxa6 Nd7 26.Rxb4 Bb6 27.Rbxb6 Nxb6 28.Rxb6 Rxa7
29.Nc3 Raa8 30.Rxd6 Rfb8 31.Nd1 Ra1 32.Bf3 e4 33.Be2 f5 34.Kg2 Rb4 35.Rd7 g5
36.f3 e3 37.Re7  1-0

[Event "Open"]
[Site "Mariupol UKR"]
[Date "2003.07.16"]
[Round "6"]
[White "Golinka,O"]
[Black "Derjabin,I"]
[Result "1-0"]
[WhiteElo "2271"]
[BlackElo "2401"]

1.e4 c5 2.Nf3 d6 3.d4 cxd4 4.Nxd4 Nf6 5.Nc3 a6 6.g3 e5 7.Nde2 Nbd7 8.a4 b6
9.Bg2 Bb7 10.h3 Rc8 11.g4 Nc5 12.Ng3 g6 13.g5 Nfd7 14.h4 Ne6 15.Nd5 Bg7 16.Be3 Nf4
17.Nxf4 exf4 18.Bxf4 Bxb2 19.Bxd6 Bc3+ 20.Kf1 Ne5 21.Rb1 Nc4 22.e5 Qd7 23.Bxb7 Qxb7
24.Qd3 Nd2+ 25.Ke2 Ba5 26.Rb4 Bxb4 27.Bxb4 Nc4 28.Ne4 f5 29.gxf6 a5 30.Bd6 Nb2
31.Qb5+ Kd8 32.Be7+ Kc7 33.Bd6+ Kd8 34.Be7+ Kc7 35.f3 Kb8 36.Qxb2 Rc6 37.Bd6+ Ka7
38.c3 Rhc8 39.e6 Rc4 40.Ke3 Qd5 41.Rb1 Rxe4+ 42.fxe4 Qxd6 43.Qxb6+  1-0